[Event "AUTO-OPEN-07"]
[Site "http://www.queenalice.com/game.php?id=1234"]
[Date "2004.10.17"]
[Round "1"]
[White "pezileindi"]
[Black "SethK"]
[Result "0-1"]
[WhiteElo "1717"]
[BlackElo "1916"]

1. e4 e5 2. Nf3 Nc6 3. Bb5 Nf6 4. O-O d6 5. Bxc6+ bxc6 6. Nc3 Bg4 7. h3 Bxf3 8.
Qxf3 d5 9. d3 d4 10. Ne2 Be7 11. Bg5 O-O 12. Rac1 Rb8 13. Ng3 g6 14. c3 c5 15.
c4 Rxb2 16. Nf5 gxf5 17. Ra1 fxe4 18. dxe4 d3 19. Rfd1 d2 20. Rxd2 Rxd2 21. Bh6
Rd3 22. Qf5 Kh8 23. Bxf8 Bxf8 24. f3 Rd1+ 25. Rxd1 Qxd1+ 26. Kh2 Qd6 27. Qg5 Be7
28. Qd2 Qxd2 0-1

[Event "AUTO-OPEN-07"]
[Site "http://www.queenalice.com/game.php?id=1235"]
[Date "2004.10.17"]
[Round "1"]
[White "SethK"]
[Black "pezileindi"]
[Result "1-0"]
[WhiteElo "1868"]
[BlackElo "1753"]

1. d4 g6 2. c4 d6 3. Nc3 Bg7 4. Nf3 Nd7 5. e4 e6 6. Bd3 Ne7 7. O-O O-O 8. Be3 b6
9. Qd2 Bb7 10. Bh6 a6 11. Bxg7 Kxg7 12. Qg5 Qe8 13. Qh4 h6 14. g4 Qd8 15. g5 h5
16. Ne2 Re8 17. Ng3 c5 18. d5 exd5 19. exd5 Bc8 20. Nxh5+ gxh5 21. Qxh5 Ng8 22.
Qh7+ Kf8 23. g6 Ndf6 24. Qxf7# 1-0

[Event "AUTO-OPEN-08"]
[Site "http://www.queenalice.com/game.php?id=1320"]
[Date "2004.10.21"]
[Round "1"]
[White "pezileindi"]
[Black "kynyo"]
[Result "0-1"]
[WhiteElo "1676"]
[BlackElo "1207"]

1. e4 e5 2. Nf3 Nc6 3. Bb5 Qf6 4. O-O Bc5 5. Nc3 Nge7 6. d3 Nd4 7. Bg5 Nxf3+ 8.
Qxf3 Qxg5 9. Bc4 O-O 10. Nb5 Bb6 11. Rad1 a6 12. Nc3 c6 13. Ne2 h5 14. Qg3 Qf6
15. a3 h4 16. Qh3 d5 17. Qf3 Qxf3 18. gxf3 dxc4 19. dxc4 Bh3 20. Rfe1 Rfd8 21.
Nc3 Rxd1 22. Rxd1 Ng6 23. Ne2 Be6 24. Kg2 Bxc4 25. f4 Bxe2 0-1

[Event "AUTO-OPEN-08"]
[Site "http://www.queenalice.com/game.php?id=1321"]
[Date "2004.10.21"]
[Round "1"]
[White "kynyo"]
[Black "pezileindi"]
[Result "1-0"]
[WhiteElo "1222"]
[BlackElo "1558"]

1. e4 e5 2. Be2 Nf6 3. Bf3 Nc6 4. Ne2 d5 5. Nbc3 d4 6. Nd5 Nxd5 7. exd5 Nb4 8.
a3 Nxd5 9. d3 Be6 10. O-O Be7 11. c4 Nb6 12. Bxb7 Rb8 13. Be4 O-O 14. h3 Bg5 15.
Bxg5 f6 16. Bh4 Nd7 17. Ng3 Nc5 18. Bf3 Rxb2 19. Ne4 Qe7 20. Nxc5 Qxc5 21. Re1
Qa5 22. Re2 Rfb8 23. Rxb2 Rxb2 24. Be2 Rd2 25. Qe1 Qc3 26. a4 a5 27. g4 Qb2 28.
Kf1 Bd7 29. Rb1 Qc2 30. Rb7 Bxa4 31. Rxc7 Qb2 32. g5 Bc2 33. Qxd2 1-0

[Event "AUTO-OPEN-08"]
[Site "http://www.queenalice.com/game.php?id=1322"]
[Date "2004.10.21"]
[Round "1"]
[White "pezileindi"]
[Black "SethK"]
[Result "0-1"]
[WhiteElo "1516"]
[BlackElo "1941"]

1. e4 c5 2. Nf3 Nc6 3. d4 cxd4 4. Nxd4 d6 5. Bb5 Bd7 6. O-O g6 7. Nxc6 bxc6 8.
Ba4 Bg7 9. Qf3 Qc7 10. Nc3 Nf6 11. Re1 O-O 12. Bf4 e5 13. Bg5 Nh5 14. Ne2 Rab8
15. Bb3 Be6 16. c4 Qb7 17. Nc3 f6 18. Be3 f5 19. Na4 fxe4 20. Qxe4 d5 21. cxd5
cxd5 22. Qc2 Qf7 23. Nc5 Rbc8 24. Rec1 Bf5 25. Qd2 Rcd8 26. Bg5 Rd6 27. Rc3 e4
28. f3 Bxc3 29. Qxc3 exf3 30. Qxf3 Bg4 31. Qxf7+ Rxf7 32. Rd1 Bxd1 0-1

[Event "AUTO-OPEN-08"]
[Site "http://www.queenalice.com/game.php?id=1323"]
[Date "2004.10.21"]
[Round "1"]
[White "SethK"]
[Black "pezileindi"]
[Result "1-0"]
[WhiteElo "1939"]
[BlackElo "1559"]

1. d4 g6 2. e4 Bg7 3. Be3 d6 4. Nf3 Nd7 5. Bc4 e6 6. O-O h6 7. Nc3 a6 8. Re1 Ne7
9. d5 e5 10. Qd2 b6 11. a4 Bb7 12. b4 Rb8 13. b5 a5 14. h3 Bc8 15. Nh2 h5 16. f4
O-O 17. f5 Kh7 18. Rf1 Ng8 19. Rf3 Ngf6 20. Rg3 Qe7 21. Rf1 Ng8 22. Bg5 Qe8 23.
fxg6+ fxg6 24. Rxf8 Qxf8 25. Rf3 Bf6 26. Qf2 Qg7 27. g4 Bxg5 28. Rf7 1-0

[Event "AUTO-OPEN-09"]
[Site "http://www.queenalice.com/game.php?id=1374"]
[Date "2004.10.23"]
[Round "1"]
[White "SethK"]
[Black "pezileindi"]
[Result "1/2-1/2"]
[WhiteElo "1963"]
[BlackElo "1680"]

1. d4 g6 2. e4 Bg7 3. Nf3 d6 4. Bc4 e6 5. O-O Ne7 6. Be3 O-O 7. Qd2 b6 8. Bh6
Bb7 9. Bxg7 Kxg7 10. Bd3 h6 11. Nc3 f5 12. Qf4 Ng8 13. d5 e5 14. Qg3 f4 15. Qg4
Bc8 16. Qh4 Qxh4 17. Nxh4 Na6 18. Bxa6 Bxa6 19. Rfd1 Kf6 20. b4 b5 21. g3 g5 22.
Ng2 Rab8 23. Rd3 Rbc8 1/2-1/2

[Event "AUTO-OPEN-09"]
[Site "http://www.queenalice.com/game.php?id=1375"]
[Date "2004.10.23"]
[Round "1"]
[White "pezileindi"]
[Black "SethK"]
[Result "0-1"]
[WhiteElo "1695"]
[BlackElo "1945"]

1. e4 e5 2. Nf3 Nc6 3. Bc4 h6 4. d4 exd4 5. Nxd4 Nf6 6. f3 Bc5 7. Nc3 Bxd4 8.
Bd2 Bxc3 9. Bxc3 O-O 10. O-O d6 11. Re1 Be6 12. Bxe6 fxe6 13. e5 Nd5 14. Qd3 Nf4
15. Qd2 Qg5 16. g3 Nh3+ 17. Kg2 Qxd2+ 18. Bxd2 Ng5 19. f4 Nf7 20. c3 dxe5 21.
fxe5 Nfxe5 22. Bf4 Nd3 23. Rxe6 Nxf4+ 0-1

[Event "AUTO-OPEN-09"]
[Site "http://www.queenalice.com/game.php?id=1380"]
[Date "2004.10.23"]
[Round "1"]
[White "gambit_h4"]
[Black "pezileindi"]
[Result "1-0"]
[WhiteElo "1100"]
[BlackElo "1676"]

1. Na3 g6 2. c3 Bg7 3. d4 d6 4. e4 Nd7 5. f4 e6 6. Bd3 Ne7 7. e5 b6 8. Nf3 Bb7
9. O-O a6 10. Nc4 dxe5 11. fxe5 O-O 12. Ne3 h6 13. Ng4 h5 14. Nh6+ Kh7 15. Qd2
Ng8 16. Nxg8 Rxg8 17. Ng5+ Kh8 18. Rxf7 Nf8 19. h3 Bh6 20. Rf6 Nh7 21. Nf7+ Kg7
22. Qxh6# 1-0

[Event "AUTO-OPEN-09"]
[Site "http://www.queenalice.com/game.php?id=1381"]
[Date "2004.10.23"]
[Round "1"]
[White "pezileindi"]
[Black "gambit_h4"]
[Result "0-1"]
[WhiteElo "1560"]
[BlackElo "1100"]

1. e4 c6 2. d4 Nf6 3. Nc3 d5 4. e5 Ne4 5. Nxe4 dxe4 6. f3 g6 7. Bf4 Bg7 8. fxe4
O-O 9. Qd2 Nd7 10. Bc4 e6 11. Bh6 Nb6 12. Bb3 a5 13. a3 f5 14. Bxg7 Kxg7 15.
exf5 exf5 16. Nf3 a4 17. Ba2 h6 18. Qb4 g5 19. O-O g4 20. Nd2 Ra6 21. Rac1 f4
22. Bc4 Nxc4 23. Nxc4 b5 24. Nd6 Qh4 25. g3 fxg3 26. Rxf8 Qxh2+ 27. Kf1 g2+ 0-1

[Event "AUTO-OPEN-10"]
[Site "http://www.queenalice.com/game.php?id=1402"]
[Date "2004.10.25"]
[Round "1"]
[White "pezileindi"]
[Black "swayne"]
[Result "0-1"]
[WhiteElo "1646"]
[BlackElo "1369"]

1. e4 e5 2. Nf3 Nc6 3. Bb5 Nf6 4. Nc3 Bc5 5. d4 exd4 6. Na4 Nxe4 7. Nxc5 Nxc5 8.
Bxc6 dxc6 9. O-O O-O 10. Nxd4 Re8 11. Re1 Rxe1+ 12. Qxe1 h6 13. Qe3 Bf5 14. c3
Bg6 15. Bd2 Ne4 16. Be1 c5 17. Nc2 Qd5 18. Na3 Re8 19. Qf3 c6 20. b3 Qe5 21. Nb1
Ng5 22. Qe3 Qxe3 23. fxe3 Rxe3 24. Bd2 Rd3 25. c4 Ne4 26. Bf4 Rd1# 0-1

[Event "AUTO-OPEN-10"]
[Site "http://www.queenalice.com/game.php?id=1403"]
[Date "2004.10.25"]
[Round "1"]
[White "swayne"]
[Black "pezileindi"]
[Result "1-0"]
[WhiteElo "1398"]
[BlackElo "1590"]

1. e4 e5 2. Nf3 Nf6 3. Nc3 Nc6 4. Bc4 d5 5. exd5 Na5 6. d3 Nxc4 7. dxc4 Bg4 8.
O-O e4 9. Nxe4 Nxe4 10. Qd4 f5 11. Ne5 Bc5 12. Qd3 Nxf2 13. Qb3 Qh4 14. Bf4 Nh3+
15. Kh1 Nf2+ 16. Kg1 Be2 17. Bg3 Ne4+ 18. Bf2 Bxf2+ 19. Rxf2 Qxf2+ 20. Kh1 Qd4
21. Qxb7 Nf2+ 22. Kg1 Nh3+ 23. Kh1 Nf2+ 24. Kg1 Nd1+ 25. Kh1 Qf2 26. Qxa8+ Ke7
27. d6+ cxd6 28. Qb7+ Ke6 29. Qd5+ Ke7 30. Qf7+ Kd8 31. Qd7# 1-0

[Event "AUTO-OPEN-10"]
[Site "http://www.queenalice.com/game.php?id=1404"]
[Date "2004.10.25"]
[Round "1"]
[White "pezileindi"]
[Black "SethK"]
[Result "1/2-1/2"]
[WhiteElo "1727"]
[BlackElo "1904"]

1. e4 e5 2. Nf3 Nf6 3. Nxe5 d6 4. Nf3 Nxe4 5. d4 d5 6. Ne5 f6 7. Qh5+ Ke7 8.
Qf7+ Kd6 9. b3 fxe5 10. dxe5+ Kxe5 11. Bb2+ Kd6 12. Nd2 Nxd2 13. Qf4+ Kc6 14.
Qa4+ 1/2-1/2

[Event "AUTO-OPEN-10"]
[Site "http://www.queenalice.com/game.php?id=1405"]
[Date "2004.10.25"]
[Round "1"]
[White "SethK"]
[Black "pezileindi"]
[Result "1-0"]
[WhiteElo "1932"]
[BlackElo "1593"]

1. d4 d5 2. c4 c6 3. e3 Nf6 4. Nf3 Bg4 5. cxd5 cxd5 6. Bb5+ Nbd7 7. O-O Qc7 8.
h3 Bh5 9. Be2 e5 10. dxe5 Nxe5 11. Nxe5 Bxe2 12. Qxe2 Qxe5 13. Qb5+ Nd7 14. Qxb7
Rb8 15. Qxa7 Bc5 16. Qa5 Bd6 17. g3 O-O 18. Nc3 d4 19. Qxe5 Nxe5 20. exd4 Nf3+
21. Kg2 Nxd4 22. a3 Rfe8 23. b4 Be5 24. Bf4 Bxf4 25. gxf4 Ne6 26. Kg3 f5 27. Nd5
Red8 28. Ne7+ Kf7 29. Nc6 Rd3+ 30. f3 Nd4 31. Ne5+ Kf6 32. Nxd3 Ne2+ 33. Kf2 Re8
34. Rfe1 Kf7 35. Rxe2 1-0

[Event "AUTO-ADV-02"]
[Site "http://www.queenalice.com/game.php?id=1580"]
[Date "2004.11.1"]
[Round "1"]
[White "pezileindi"]
[Black "gamelover"]
[Result "0-1"]
[WhiteElo "1528"]
[BlackElo "1632"]

1. e4 c5 2. Nf3 d6 3. g3 Nc6 4. Bg2 g6 5. O-O Bg7 6. c3 Nf6 7. Re1 e5 8. d4 cxd4
9. cxd4 exd4 10. Nxd4 O-O 11. Bg5 h6 12. Bd2 Nxd4 13. Bc3 Ne6 14. Nd2 Nc5 15. f4
Re8 16. Re3 Nd5 17. exd5 Rxe3 18. Bxg7 Kxg7 19. Nc4 Re7 20. Qd4+ Kg8 21. Rf1 Bf5
22. Ne3 Be4 23. Ng4 Re8 24. Nf6+ Kf8 25. Nh7+ Kg8 26. Nf6+ Kf8 27. Nh7+ Ke7 28.
Re1 Kd7 29. Nf6+ Kc7 30. Bxe4 Re7 31. Kf2 Rc8 32. Rc1 Kb8 33. Bf3 Nd3+ 0-1

[Event "AUTO-ADV-02"]
[Site "http://www.queenalice.com/game.php?id=1581"]
[Date "2004.11.1"]
[Round "1"]
[White "gamelover"]
[Black "pezileindi"]
[Result "1-0"]
[WhiteElo "1588"]
[BlackElo "1676"]

1. d4 d5 2. c4 c6 3. Nf3 g6 4. e3 Bg7 5. Nc3 Nf6 6. Bd3 Bg4 7. h3 Be6 8. cxd5
Nxd5 9. e4 Nxc3 10. bxc3 O-O 11. O-O Nd7 12. Be3 Nb6 13. Qc2 Nc4 14. Bf4 Na3 15.
Qa4 c5 16. Qxa3 cxd4 17. cxd4 Bxd4 18. Nxd4 Qxd4 19. Rfd1 Qf6 20. Be3 a6 21. Qb4
b5 22. a4 Rad8 23. axb5 Rxd3 24. bxa6 Rxd1+ 25. Rxd1 Rc8 26. a7 1-0

[Event "AUTO-ADV-02"]
[Site "http://www.queenalice.com/game.php?id=1582"]
[Date "2004.11.1"]
[Round "1"]
[White "pezileindi"]
[Black "mandaragit"]
[Result "0-1"]
[WhiteElo "1703"]
[BlackElo "1749"]

1. e4 e6 2. d4 d5 3. exd5 exd5 4. Be2 c6 5. Nf3 Bd6 6. O-O Ne7 7. Re1 O-O 8. Bg5
f6 9. Be3 Re8 10. Nc3 Nf5 11. Qd2 Nxe3 12. fxe3 f5 13. Bd3 g6 14. Ne2 Nd7 15. a3
Nf6 16. h3 Ne4 17. Bxe4 fxe4 18. Nh2 Qg5 19. Nf4 Rf8 20. Rf1 Bd7 21. Qf2 Qe7 22.
Qg3 Kh8 23. Ng4 g5 24. c3 gxf4 25. exf4 Rg8 26. Kh2 h5 0-1

[Event "AUTO-ADV-02"]
[Site "http://www.queenalice.com/game.php?id=1583"]
[Date "2004.11.1"]
[Round "1"]
[White "mandaragit"]
[Black "pezileindi"]
[Result "1-0"]
[WhiteElo "1781"]
[BlackElo "1606"]

1. d4 g6 2. c4 Bg7 3. Nc3 d6 4. Nf3 Nd7 5. e4 e6 6. Be2 Ne7 7. h4 b6 8. h5 Bb7
9. Qc2 e5 10. d5 Nf6 11. hxg6 hxg6 12. Rxh8+ Bxh8 13. Bd2 Qd7 14. O-O-O Ng4 15.
Rf1 O-O-O 16. Ng5 Nh2 17. Rh1 Ng4 18. f3 Nf6 19. Nxf7 Rf8 20. Nxh8 Qe8 21. Nxg6
Nxg6 22. g3 Rh8 23. Qd1 Rxh1 24. Qxh1 Qh8 25. Qxh8+ Nxh8 26. f4 Nf7 27. Kd1 Kd7
28. b4 a6 29. Be3 Ke7 30. c5 b5 31. c6 Bc8 32. f5 Kf8 33. g4 Nh7 34. Ke1 Nhg5
35. Kf2 Kg7 36. Kg3 Kh6 37. Kh4 1-0

[Event "Challenge"]
[Site "http://www.queenalice.com/game.php?id=2042"]
[Date "2004.11.19"]
[Round "-"]
[White "blikinn"]
[Black "pezileindi"]
[Result "1-0"]
[WhiteElo "1525"]
[BlackElo "1516"]

1. e4 e5 2. Nf3 Nf6 3. Nc3 Nc6 4. d4 exd4 5. Nxd4 Nxd4 6. Qxd4 c6 7. Bg5 Be7 8.
f4 Nh5 9. g4 Nf6 10. h3 O-O 11. O-O-O Ne8 12. Qe5 Bxg5 13. Qxg5 Qa5 14. Qxa5 1-0

[Event "Challenge"]
[Site "http://www.queenalice.com/game.php?id=3324"]
[Date "2005.1.4"]
[Round "-"]
[White "davihulse"]
[Black "pezileindi"]
[Result "0-1"]
[WhiteElo "1549"]
[BlackElo "1516"]

1. d4 c5 2. e4 e6 3. d5 exd5 4. Qxd5 Nf6 5. Bg5 Nxd5 6. Bxd8 Nb4 7. Na3 Kxd8 8.
c3 N4c6 9. Bc4 Ne5 10. f4 Nxc4 11. Nxc4 b5 12. Ne5 Ke8 13. O-O-O Bb7 14. Re1 Bd6
15. Ngf3 Nc6 16. Nxc6 Bxf4+ 17. Kc2 Bxc6 18. g3 Bc7 19. Rhf1 Rb8 20. Ng5 f6 21.
Nf3 Kf7 22. Ng5+ Ke7 23. Nf3 b4 24. c4 Kd8 25. Re3 Re8 26. Rfe1 g5 27. e5 g4 28.
Nd2 Rxe5 29. Rxe5 Bxe5 30. Ne4 d6 31. Nxf6 Bxf6 32. Re6 Be5 33. Rh6 b3+ 34. axb3
Be4+ 35. Kc1 Rxb3 36. Rxh7 Bxb2+ 37. Kd2 Bxh7 38. Ke2 Bd4 39. h4 Rb2+ 40. Kd1
Bd3 41. h5 Be3 42. h6 Rb1# 0-1

[Event "Challenge"]
[Site "http://www.queenalice.com/game.php?id=5252"]
[Date "2005.2.14"]
[Round "-"]
[White "Csar"]
[Black "pezileindi"]
[Result "0-1"]
[WhiteElo "1024"]
[BlackElo "1533"]

1. Nc3 g6 2. e4 Bg7 3. d4 d6 4. Bc4 Nd7 5. Qf3 e6 6. d5 Nc5 7. Bb5+ Bd7 8. dxe6
fxe6 9. Nge2 Bxb5 10. Nxb5 Qd7 11. Ned4 c6 12. Nc3 Bxd4 13. O-O O-O-O 14. Be3
Bxe3 0-1

[Event "Challenge"]
[Site "http://www.queenalice.com/game.php?id=5257"]
[Date "2005.2.14"]
[Round "-"]
[White "EL_PEREGRINO"]
[Black "pezileindi"]
[Result "0-1"]
[WhiteElo "1448"]
[BlackElo "1535"]

1. f4 g6 2. e3 Bg7 3. Bc4 Nf6 4. b3 d5 5. Bb5+ Bd7 6. a4 Bxb5 7. axb5 Ne4 8. Nc3
Nxc3 9. dxc3 Bxc3+ 10. Bd2 Bxa1 11. Qxa1 O-O 12. Bc3 Qd7 13. Bg7 Re8 14. Bh6 f6
15. Nf3 Qg4 16. Ke2 Qxg2+ 17. Kd3 Qxf3 0-1

[Event "fair!"]
[Site "http://www.queenalice.com/game.php?id=97355"]
[Date "2006.8.19"]
[Round "-"]
[White "Theologe"]
[Black "pezileindi"]
[Result "1-0"]
[WhiteElo "1861"]
[BlackElo "1548"]

1. e4 e5 2. Nf3 Nc6 3. Nc3 Nf6 4. d4 d6 5. dxe5 Nxe5 6. Nxe5 dxe5 7. Qxd8+ Kxd8
8. Bg5 Be7 9. O-O-O+ Bd7 10. Bb5 c6 11. Bc4 Ng4 12. Bxe7+ Kxe7 13. Rd2 b5 14.
Bb3 Nxf2 15. Rxf2 f6 16. Rd2 Rad8 17. Rhd1 Bg4 18. Rxd8 Rxd8 19. Rxd8 Kxd8 20.
a4 a6 21. Nd1 Ke7 22. Ne3 Bd7 23. c4 Kd6 24. cxb5 cxb5 25. axb5 axb5 26. Bg8 h5
27. b4 Ke7 28. g3 Be8 29. Kd2 Bc6 30. Nd5+ Kd6 31. Bf7 h4 32. gxh4 Bd7 33. h5 f5
34. exf5 Bxf5 35. Nc3 Bd7 36. Bg6 1-0